000 00735nam a2200229Ia 4500
003 OSt
005 20220927104813.0
006 a|||||r|||| 00| 0
007 ta
008 220926b |||||||| |||| 00| 0 eng d
024 _a148208
037 _cReference Collections
040 _aRTL
_cRTL
_beng
041 _2eng
_aeng
082 _a"X9(F55).1(X)s, N2/UN"
110 _a"UNITED NATIONS, ECONOMIC AND SOCIAL INFORMATION AND POLICY ANALYSIS"
_9367423
245 0 _aEnergy balances and electricity profiles
260 _c1994
700 _a"UNITED NATIONS, ECONOMIC AND SOCIAL INFORMATION AND POLICY ANALYSIS"
_9367424
942 _h"X9(F55).1(X)s, N2/UN"
_cCC
999 _c688746
_d688746